[Event "Guillermo Garcia Memorial-D"]
[Site "Santa Clara"]
[Date "2024.05.21"]
[Round "9"]
[White "Chavez Oropesa, Daniel Alejandro"]
[Black "Garcia Terry, Legna"]
[Result "0-1"]
[WhiteElo "1921"]
[BlackElo "1962"]
[PlyCount "96"]
[EventDate "2024.05.14"]
[EventType "swiss"]
[EventRounds "9"]
[EventCountry "CUB"]
[SourceTitle "CBM 220 Extra"]
[Source "ChessBase"]
[SourceDate "2024.07.31"]
[SourceVersion "1"]
[SourceVersionDate "2024.07.31"]
[SourceQuality "1"]

1. e4 c6 2. d4 d5 3. f3 Qb6 4. c3 dxe4 5. fxe4 e5 6. Nf3 Bg4 7. Bc4 exd4 8. Bxf7+ Kxf7 9. Ng5+ Ke7 10. Qxg4 c5 11. 0-0 Nh6 12. Qh4 Ke8 13. Qh5+ Qg6 14. Qh3 Nc6 15. Bf4 Nd8 16. Na3 Be7 17. Nb5 Bxg5 18. Nc7+ Ke7 19. Bxg5+ Qxg5 20. Nxa8 Ne6 21. cxd4 Rxa8 22. d5 Nd4 23. Kh1 Ng4 24. Qg3 Rc8 25. d6+ Ke6 26. Rae1 h5 27. d7 Rd8 28. h3 Qe5 29. Qxe5+ Nxe5 30. Re3 Rxd7 31. Rg3 g6 32. Kh2 Rf7 33. Rd1 Rf2 34. b4 Ne2 35. Re3 Nc4 36. Rb3 cxb4 37. Rd8 a5 38. Re8+ Kd7 39. Rg8 Ne5 40. Rg7+ Kc6 41. Re7 a4 42. Re3 Nc4 43. Rd3 Nf4 44. Rg3 h4 45. Rg5 Nd2 46. Kg1 Rf1+ 47. Kh2 b3 48. axb3 axb3 0-1

[Event "Guillermo Garcia Memorial-D"]
[Site "Santa Clara"]
[Date "2024.05.20"]
[Round "8"]
[White "Navarro Herrera, Leinier Alcides"]
[Black "Chavez Oropesa, Daniel Alejandro"]
[Result "1-0"]
[WhiteElo "1996"]
[BlackElo "1921"]
[PlyCount "107"]
[EventDate "2024.05.14"]
[EventType "swiss"]
[EventRounds "9"]
[EventCountry "CUB"]
[SourceTitle "CBM 220 Extra"]
[Source "ChessBase"]
[SourceDate "2024.07.31"]
[SourceVersion "1"]
[SourceVersionDate "2024.07.31"]
[SourceQuality "1"]

1. e4 c6 2. d4 d5 3. Nd2 dxe4 4. Nxe4 Nf6 5. Ng3 Qa5+ 6. c3 h5 7. h3 h4 8. N3e2 Bf5 9. Nf3 Ne4 10. Be3 Nd7 11. Qb3 0-0-0 12. Neg1 e6 13. 0-0-0 Bd6 14. Bd3 Nb6 15. Qc2 Nf6 16. Bxf5 exf5 17. c4 Bc7 18. Kb1 Ne4 19. Nd2 Rhe8 20. Ne2 Qa6 21. b3 Kb8 22. Nxe4 fxe4 23. Bg5 f6 24. Bxh4 e3 25. fxe3 Rxe3 26. Bf2 Re7 27. Ng3 Rde8 28. Rhe1 Qa5 29. Rxe7 Rxe7 30. Nf5 Rd7 31. Re1 g6 32. Re8+ Nc8 33. Nh4 Qg5 34. Qxg6 Qd2 35. Qc2 Qa5 36. Qf5 Qd2 37. Qc2 Qg5 38. g4 b6 39. Nf3 Qg7 40. Nh4 Kb7 41. Qg6 Qxg6+ 42. Nxg6 Rh7 43. h4 Nd6 44. Re7 Rxe7 45. Nxe7 Ne4 46. Be3 Bd6 47. Nf5 Bf8 48. h5 Nd6 49. Bh6 Bxh6 50. Nxh6 Kc7 51. Nf5 Nf7 52. h6 Ng5 53. d5 cxd5 54. cxd5 1-0

[Event "Varadero op-A"]
[Site "Varadero"]
[Date "2023.10.06"]
[Round "7"]
[White "Cabrera Ladron de Guevara, Mayra"]
[Black "Chavez Oropesa, Daniel Alejandro"]
[Result "1-0"]
[WhiteElo "1966"]
[BlackElo "1809"]
[PlyCount "73"]
[EventDate "2023.10.03"]
[EventType "swiss"]
[EventRounds "9"]
[EventCountry "CUB"]
[SourceTitle "EXT 2025"]
[Source "ChessBase"]
[SourceDate "2024.10.14"]
[SourceVersion "1"]
[SourceVersionDate "2024.10.14"]
[SourceQuality "1"]

1. e4 e5 2. Nf3 Nf6 3. Nxe5 Nc6 4. Nxc6 dxc6 5. d3 Bc5 6. Be2 h5 7. h3 Be6 8. Nc3 Qd7 9. Bf4 0-0-0 10. Qd2 Kb8 11. Be3 Bd4 12. f4 Rhe8 13. 0-0-0 c5 14. Bg1 Qc6 15. f5 Bc8 16. Bf3 Qa6 17. Kb1 Rd6 18. Bxd4 cxd4 19. Ne2 Re5 20. Nc1 Rb5 21. Nb3 Qa4 22. g4 Nd7 23. Rdg1 Ra6 24. a3 Nc5 25. Bd1 h4 26. Rh2 Rab6 27. Qf2 a6 28. Qxh4 Nxb3 29. cxb3 Rxb3 30. Bxb3 Rxb3 31. Qg3 Bd7 32. Rc1 Bb5 33. Qxc7+ Ka8 34. Qd8+ Ka7 35. Rc8 Bxd3+ 36. Kc1 Rc3+ 37. Rxc3 1-0